Fenomén "born global company" v medzinárodnom podnikaní diplomová práca

Salvato in:
Dettagli Bibliografici
Autore principale: Vrabcová, Veronika
Ente Autore: Obchodná fakulta EU. Katedra medzinárodného obchodu
Altri autori: Krajčík, Daniel, 1981-
Natura: Libro
Lingua:slovacco
Pubblicazione: Bratislava 2022
Tags: Aggiungi Tag
Nessun Tag, puoi essere il primo ad aggiungerne!!

MARC

LEADER 00000nbm a2200000 4500
001 0284215
005 20221202104426.5
041 0 |a slo 
044 |a SK 
245 1 0 |a Fenomén "born global company" v medzinárodnom podnikaní  |b diplomová práca  |c Veronika Vrabcová ; školiteľ: Daniel Krajčík 
264 1 |a Bratislava  |c 2022 
300 |a 98 s. 
100 1 |a Vrabcová, Veronika 
700 1 |a Krajčík, Daniel, 1981- 
710 2 |a Obchodná fakulta EU. Katedra medzinárodného obchodu